Ešte raz o ochrane osobných údajov

Základné povinnosti zamestnávateľa pri ochrane osobných údajov. Vymedzenie a spracovávanie osobných údajov. Vedenie databázy. Spracovávanie údajov o psychickej identite fyzickej osoby.

Salvato in:
Dettagli Bibliografici
Autore principale: Mosejová, Monika
Altri autori: Drabišinová, Radomila
Natura: Capitolo di libro
Lingua:slovacco
Soggetti:
Tags: Aggiungi Tag
Nessun Tag, puoi essere il primo ad aggiungerne!!

MARC

LEADER 00000naa a2200000 4500
001 r048485
005 20231003082849.8
041 0 |a slo 
044 |a SK 
245 1 0 |a Ešte raz o ochrane osobných údajov  |c Monika Mosejová, Radomila Drabišinová 
520 |a Základné povinnosti zamestnávateľa pri ochrane osobných údajov. Vymedzenie a spracovávanie osobných údajov. Vedenie databázy. Spracovávanie údajov o psychickej identite fyzickej osoby. 
610 2 0 |a ochrana dát 
610 2 0 |a ochrana osobnosti 
610 2 0 |a zamestnávatelia 
610 2 0 |a zamestnanci 
610 2 0 |a testy psychologické 
610 2 0 |a ochrana údajov osobných 
610 2 0 |a systémy informačné 
610 2 0 |a úpravy právne 
100 1 |a Mosejová, Monika 
700 1 |a Drabišinová, Radomila